Catálogo
Digital

Catálogo
Digital

Potosí, el origen (Record no. 14362)

MARC details
000 -CABECERA
campo de control de longitud fija 01295nam a2200289 4500
003 - IDENTIFICADOR DEL NÚMERO DE CONTROL
campo de control EC-UNACH
005 - FECHA Y HORA DE LA ÚLTIMA TRANSACCIÓN
campo de control 20260218125513.0
006 - CÓDIGOS DE INFORMACIÓN DE LONGITUD FIJA--CARACTERÍSTICAS DEL MATERIAL ADICIONAL
campo de control de longitud fija s||||gr|||| 00| 00
008 - DATOS DE LONGITUD FIJA--INFORMACIÓN GENERAL
campo de control de longitud fija 150116t9999 mx r gr 000 0 spa d
040 ## - FUENTE DE LA CATALOGACIÓN
Centro catalogador/agencia de origen EC-UNACH
Centro/agencia transcriptor EC-UNACH
041 ## - CÓDIGO DE LENGUA
Código de lengua del texto/banda sonora o título independiente spa
082 04 - NÚMERO DE LA CLASIFICACIÓN DECIMAL DEWEY
Número de edición 23
Número de clasificación 338
Número de documento/Ítem L018604
100 ## - ENTRADA PRINCIPAL--NOMBRE DE PERSONA
Nombre de persona Machado Aráoz, Horacio
245 ## - MENCIÓN DE TÍTULO
Título Potosí, el origen
Resto del título Genealogía de la minería contemporánea
250 ## - MENCIÓN DE EDICIÓN
Mención de edición Primera edición
264 ## - Producción, publicación, distribución, fabricación y copyright
Lugar de producción, publicación, distribución, fabricación Quito - Ecuador
Nombre del de productor, editor, distribuidor, fabricante Editorial Abya - Yala
Fecha de de producción, publicación, distribución, fabricación o copyright 2018
300 ## - DESCRIPCIÓN FÍSICA
Extensión 404 páginas
Otras características físicas gráficos
501 ## - NOTA DE "CON"
Nota de “Con” Incluye índice
505 ## - NOTA DE CONTENIDO CON FORMATO
Nota de contenido con formato Capítulo I Minería: Geología del colonialidad -- Capítulo II Minería: geología del colonialismo -- Arqueología de la modernidad -- Capítulo III Extractivismo minero y orden neocolonial, hoy... Mineralización y expropiación ecobiopolítica -- Capítulo IV A modo de conclusión: expropiación y mineralización de la condición humana -- A modo de epílogo -- El debate sobre el extractivismo ante la tierra arrasada "finde ciclo" -- Aprendizajes urgentes.
650 ## - PUNTO DE ACCESO ADICIONAL DE MATERIA--TÉRMINO DE MATERIA
Término de materia o nombre geográfico como elemento inicial POLÍTICAS DE GOBIERNO
650 ## - PUNTO DE ACCESO ADICIONAL DE MATERIA--TÉRMINO DE MATERIA
Término de materia o nombre geográfico como elemento inicial MINERÍA COLONIAL
650 ## - PUNTO DE ACCESO ADICIONAL DE MATERIA--TÉRMINO DE MATERIA
Término de materia o nombre geográfico como elemento inicial COLONIALIDAD
942 ## - ELEMENTOS DE PUNTO DE ACCESO ADICIONAL (KOHA)
Fuente del sistema de clasificación o colocación Clasificación Decimal Dewey
Tipo de ítem Koha Libros
999 ## - NÚMEROS DE CONTROL DE SISTEMA (KOHA)
Koha biblionumber 14362
Holdings
Estado de pérdida Fuente del sistema de clasificación o colocación Estado dañado No para préstamo Localización permanente Ubicación/localización actual Ubicación en estantería Fecha de adquisición Fuente de adquisición Número de inventario Total de préstamos Signatura topográfica completa Código de barras Fecha visto por última vez Número de copia Precio válido a partir de Tipo de ítem Koha Centro de costos
  Clasificación Decimal Dewey     Biblioteca Campus Sur Biblioteca Campus Sur Pedagogía de la Historia y las Ciencias Sociales 18/02/2026 Donación ITB-001-2026 40956806   338 MAC L018604 L018604 18/02/2026 Ejemplar: 01 18/02/2026 Libros  

Powered by Koha